Parc de la Serralada Litoral : Exposició itinerant Exposició itinerant
Descripción Física:
1 tríptic ; il. col. ; 10 x 21 cm.
Materias:
Parc de la Serralada Litoral (Catalunya) -- Activitats culturals
; Parc de la Serralada Litoral (Catalunya) -- Exposicions
; Fulletons
Idioma:
Catalán
MARC
| LEADER | 00000nam a22000007a 4500 | ||
|---|---|---|---|
| 001 | 27427 | ||
| 003 | Arxiu | ||
| 005 | 20260324181153.0 | ||
| 008 | 230228b spa||||| |||| 00| 0 cat d | ||
| 017 | |a B 25556-2019 | ||
| 040 | |a agdb |b cat | ||
| 041 | |a cat | ||
| 110 | 1 | |9 7250 |a Barcelona (Catalunya : Província). |b Xarxa de Parcs Naturals | |
| 245 | |a Parc de la Serralada Litoral : |b Exposició itinerant | ||
| 260 | |a Barcelona : |b Diputació de Barcelona ; |c 2019 | ||
| 300 | |a 1 tríptic ; |b il. col. ; |c 10 x 21 cm. | ||
| 500 | |a Tríptic de l'exposició. | ||
| 610 | 1 | 0 | |9 52712 |a Parc de la Serralada Litoral (Catalunya) |x Activitats culturals |
| 610 | 0 | |a Parc de la Serralada Litoral (Catalunya) |x Exposicions |9 55848 | |
| 655 | 0 | |a Fulletons |9 55858 | |
| 710 | 1 | |9 52719 |a Parc de la Serralada Litoral (Catalunya) | |
| 942 | |2 udc |c ARXIU |n 1 | ||
| 952 | |0 0 |1 0 |2 udc |4 0 |6 FU7476 |7 1 |9 65375 |a Arxiu |b Arxiu |d 2023-02-28 |l 0 |o FU-74-76 |p 27427 |r 2023-02-28 00:00:00 |w 2023-02-28 |y ARXIU | ||
| 999 | |c 83108 |d 83108 | ||